000 00508nam a2200169 4500
001 128116
003 ES-MaACL
005 20230906193151.0
007 t|
008 070214s1972 sp r ||||1| spa d
100 1 _aRoazen, Paul.
_997779
245 1 0 _aHermano animal
_b: la historia de Freud y Tausk /
_cPaul Roazen ; [traductor: Joaquín Rábago].
260 _aMadrid :
_bAlianza,
_c1972.
300 _a208 p. ;
_c18 cm.
700 1 _aRábago, Joaquín.
_994833
852 _aES-MaACL
_jC-50013
_bR.84393
999 _c128116
_d128116